| 000 | 00980cam a2200289 u 4500 | ||
|---|---|---|---|
| 003 | UPN | ||
| 005 | 20241112063715.0 | ||
| 008 | 190404s2015 ck fr 001 0 spa d | ||
| 020 | _a9789587146387 | ||
| 035 | _aUPN01000230138 | ||
| 040 |
_aMX-MxUPN _bspa _cMX-MxUPN |
||
| 049 | _aCG | ||
| 050 | 4 |
_aCT25 _bD42 2015 |
|
| 100 | 1 |
_aDelory-Momberger, Christine _943097 |
|
| 245 | 1 | 3 |
_aLa condición biográfica : _bensayos sobre el relato de sí en la modernidad avanzada |
| 250 | _aPrimera edición | ||
| 260 |
_aMedellín, Colombia : _bUniversidad de Antioquia, _c2015. |
||
| 300 | _a116 páginas | ||
| 490 | 0 | _aColección educación | |
| 500 | _aTítulo original :La condition biographique : essais sur le récit de soi dans la modernité avancée. | ||
| 650 | 4 |
_aAutobiografía _947175 |
|
| 700 | 1 |
_947176 _aBetancourt Cardona, Miguel Orlando _etraductor |
|
| 902 | _bVíctorGodínez/211022/M | ||
| 905 | _aLibro | ||
| 942 |
_2lcc _cLIBRO |
||
| 999 |
_c202233 _d202233 |
||